100 Cities by Letter - M - Statistics

General Stats
  • This quiz has been taken 4,305 times
  • The average score is 49 of 100
Answer Stats
Hint City % Correct
Muslims pray towards it Mecca
98%
Oktoberfest takes place here Munich
95%
Built on the ruins of Tenochtitlan Mexico City
94%
Largest city in Iberian Peninsula Madrid
93%
Bollywood movies come from here Mumbai
93%
World's first industrial city Manchester
91%
Lukashenko's seat of power Minsk
91%
Where Muscovites live Moscow
91%
French national anthem namesake Marseille
90%
Chinese gambling city Macau
86%
Quezon City is in its metro area Manila
85%
Where Elvis had his Graceland Memphis
84%
Swedish city by the Öresund Bridge Malmö
82%
Home to La Scala opera house Milan
82%
Capital named for James Monroe Monrovia
81%
Capital of the Maldives Malé
80%
Capital of Nicaragua Managua
80%
City where Muhammad is buried Medina
78%
Hosts one of tennis majors Melbourne
78%
Pablo Escobar ran its cartel Medellín
77%
Grace Kelly was its princess consort Monaco
77%
1976 Summer Olympics host Montréal
72%
Biggest city in the Amazon Manaus
70%
Mall of America locale Minneapolis
70%
Host of the first FIFA World Cup Montevideo
70%
"Jemaa el-Fnaa" market square Marrakesh
68%
Main port of Kenya Mombasa
68%
Third largest metro area in Mexico Monterrey
68%
Capital of Wisconsin Madison
67%
World's largest cruise port Miami
67%
Where NBA's Bucks play Milwaukee
67%
Capital of Vermont Montpelier
65%
African capital officially called "Lourenço Marques" until 1976 Maputo
60%
Capital of Lesotho Maseru
60%
Birthplace of Pablo Picasso Málaga
59%
Where Karl Benz invented the automobile Mannheim
59%
Capital of Eswatini Mbabane
59%
Where a Black Hawk went down in 1993 Mogadishu
59%
Phoenix suburb or a table-topped hill Mesa
58%
Alabama's biggest coastal city Mobile
56%
MLK led three marches from Selmato this city in 1965 Montgomery
54%
Largest city north of the Arctic Circle Murmansk
53%
Asian capital or a type of grape Muscat
53%
The 1992 treaty that created "Euro" was signed in this Dutch city Maastricht
52%
Equatorial Guinea's former capital Malabo
50%
Largest city of the Comoros Moroni
50%
Venezuelan city located on the entrance of an ocean bay Maracaibo
49%
Portugal captured this Malaysian cityon a strategic strait in 1511 Malacca
48%
Largest inland city of Myanmar Mandalay
48%
Quiet beach community in California home to Mel Gibson Malibu
45%
Spanish enclave in Morocco Melilla
45%
Mexican city adjacent to Calexico Mexicali
45%
Main city of the Marshall Islands Majuro
44%
Popular Jamaican resort featuredin the song "Kokomo" Montego Bay
43%
Largest city in Sumatra Medan
42%
Biggest city in the Yucatán Peninsula Mérida
41%
Closest Sicilian city to mainland Italy Messina
41%
Iranian city where Harun al-Rashid and Imam Reza are buried Mashhad
40%
Herzegovinian city whose bridgeis a World Heritage site Mostar
40%
Capital of a small region in southern Spain with the same name Murcia
39%
Second largest city in Slovenia Maribor
38%
Besieged and largely destroyed city of Donbass Mariupol
38%
Middle East's "Place of Rest" Manama
37%
Where the first bible was printed Mainz
36%
Major city near the geographiccenter of Georgia (U.S. state) Macon
33%
Capital of Saxony-Anhalt, Germany Magdeburg
33%
The ruins of Nineveh are near it Mosul
33%
Cultural centre of Westphalia Münster
33%
South Carolinian beach resort Myrtle Beach
33%
French city in Lorraine where theCarolingian dynasty was founded Metz
30%
Bologna's rival in "War of the Bucket" Modena
30%
Montana's second largest city Missoula
28%
Biggest city in Sulawesi Makassar
27%
Closest major city to Aconcagua Mendoza
27%
Inner suburb of New York City withnamesake of Washington's estate Mount Vernon
27%
Most populous city in North Yorkshire Middlesbrough
25%
Ontario's third-largest city Mississauga
25%
Capital of Dagestan, Russia Makhachkala
24%
Fourth-largest city in Turkmenistan;once one of world's largest Mary
23%
Largest city in the central parts of D.R. Congo Mbuji-Mayi
23%
Capital of Hainaut, Belgium Mons
21%
City in Alsace home to world's largestautomobile and train museums Mulhouse
21%
George W. Bush grew up here Midland
20%
Largest city in Menorca, Spain;also where mayonnaise originated Mahón
18%
"American Graffiti" setting in CA Modesto
18%
Biggest city in New Brunswick Moncton
18%
Pakistan's "City of Saints" Multan
18%
Idaho's second largest city Meridian
17%
Capital of Åland, Finland Mariehamn
16%
Largest city in Upper Peninsula, MI Marquette
15%
Turkey's main gateway to the Mediterranean Sea Mersin
15%
City on Kyushu with namesakeof a famous Hayao Miyazaki
15%
Sicilian city known for its wine Marsala
14%
Tanzania's main city on Lake Victoria Mwanza
13%
City in northern Afghanistan whosename means "Tomb of the saint" Mazar-i-Sharif
12%
Capital of Morocco, 1672-1727 Meknes
11%
City in Saskatchewan that is home to the Snowbirds Moose Jaw
11%
Main city of Alagoas, Brazil Maceió
10%
Capital of Mayotte, France Mamoudzou
9%
Largest city in Shikoku Matsuyama
8%
No matching quizzes found
Score Distribution
Percent of People with Each Score
Percentile by Number Answered
Your Score History
You have not taken this quiz